Sociologia del delito amateur /
Guardado en:
| Autor Principal: | |
|---|---|
| Otros Autores: | |
| Formato: | Libro |
| Publicado: |
Buenos Aires :
Paidós,
2004
|
| Series: | Tramas sociales; No. 25
|
| Materias: | |
| Etiquetas: |
Agregar Etiqueta
Sin Etiquetas, Sea el primero en etiquetar este registro!
|
| LEADER | 00985nam a22002415a 4500 | ||
|---|---|---|---|
| 001 | CEM.cems011996 | ||
| 005 | 20070511152322.0 | ||
| 008 | 130507s2004##################000#0#####d | ||
| 003 | CEMS | ||
| 020 | |a 950124525X | ||
| 082 | 0 | 4 | |a 364.36 |
| 100 | 1 | |a Kessler, Gabriel | |
| 245 | 1 | 0 | |a Sociologia del delito amateur / |c Gabriel Kessler ; mariana Luzzi |
| 260 | |a Buenos Aires : |b Paidós, |c 2004 | ||
| 300 | |a 296 p. | ||
| 490 | 0 | |a Tramas sociales; No. 25 | |
| 505 | 0 | |a Panorama estadístico del problema -- Delito, trabajo y provisión -- Los grupos de pares -- Los grupos de pares -- Del amateurismo a la profesionalidad -- Sobre víctimas, armas y policías -- Los contextos de socialización -- Relaciones de familia -- Trayectorias escolares -- La vida en el barrio | |
| 653 | |a Sociología | ||
| 653 | |a Delincuencia juvenil | ||
| 653 | |a Sociología argentina | ||
| 653 | |a Delitos | ||
| 700 | 1 | |a Luzzi, Mariana, Colab. | |
| 859 | |a CEMS |b BIB. CEMS - 11 de abril |h 364.36 |i K477 |p 23145.05 |t Ej.1 | ||
